|
|
|
|
| LEADER |
01583nam a2200313 a 4500 |
| 001 |
1492683 |
| 008 |
091217s1988 ii a b 100 0 eng d |
| 010 |
|
|
|a \\\88015724
|
| 020 |
|
|
|a 0803995687
|
| 020 |
|
|
|a 0803995695 (pbk.)
|
| 040 |
|
|
|a DLC
|c DLC
|d DLC
|d BD-DhAAL
|
| 082 |
0 |
0 |
|a 306/.09172/4
|2 19
|
| 245 |
0 |
0 |
|a Social values and development :
|b Asian perspectives /
|c edited by Durganand Sinha & Henry S.R. Kao.
|
| 260 |
|
|
|a New Delhi ;
|a Newbury Park :
|b Sage Publications,
|c 1988.
|
| 300 |
|
|
|a 336 p. :
|b ill. ;
|c 23 cm.
|
| 500 |
|
|
|a Prepared under the auspices of the IUPsyS International Network on Centres of Research on Problems of the Third World Countries"--T.p. verso.
|
| 504 |
|
|
|a Includes bibliographies.
|
| 541 |
1 |
|
|e 00012722
|
| 651 |
|
0 |
|a Developing countries
|x Social conditions
|x Congresses.
|
| 651 |
|
0 |
|a Asia
|x Social conditions
|x Congresses.
|
| 650 |
|
0 |
|a Economic development
|x Social aspects
|x Congresses.
|
| 650 |
|
0 |
|a Social values
|x Congresses.
|
| 700 |
1 |
|
|a Sinha, Durganand.
|
| 700 |
1 |
|
|a Kao, Henry S. R.,
|d 1940-
|
| 710 |
2 |
|
|a IUPsys International Network on Centres of Research on Problems of the Third World.
|
| 852 |
4 |
|
|a Ayesha Abed Library
|j General shelf
|
| 999 |
|
|
|c 7257
|d 7257
|
| 952 |
|
|
|0 0
|1 0
|2 ddc
|4 0
|6 306_091724000000000_SOC
|7 0
|9 7589
|a BRACUL
|b BRACUL
|c GEN
|d 2010-01-28
|l 0
|o 306.091724 SOC
|p 3010012722
|r 2010-01-28
|t 1
|w 2010-01-28
|y BK
|x Price not available in Register
|
| 952 |
|
|
|0 0
|1 0
|2 ddc
|4 0
|6 306_091724000000000_SOC_1988
|7 0
|9 7790
|a BRACUL
|b BRACUL
|c GEN
|d 2010-02-04
|g 0.00
|l 0
|o 306.091724 SOC
|p 3010004206
|r 2010-02-04
|t 2
|w 2010-02-04
|y BK
|z Not price in Register
|